[Event "Olimpiade 2022 - Open"]
[Site "Chennai"]
[Date "03.08.2022"]
[Round "6.11"]
[Board "1"]
[White "Cordova, Emilio"]
[Black "Saric, Ivan"]
[Result "1-0"]
[WhiteTitle "GM"]
[BlackTitle "GM"]
[WhiteElo "2549"]
[BlackElo "2680"]
[WhiteTeam "Peru"]
[BlackTeam "Croatia"]
[WhiteFideId "3801497"]
[BlackFideId "14508150"]
[EventDate "2022.07.29"]

1. Nf3 Nf6 2. g3 d5 3. Bg2 g6 4. d4 Bg7 5. O-O O-O 6. c4 c6 7. a4 Be6 8. Nc3
dxc4 9. e4 Na6 10. Qe2 Nb4 11. h3 Ne8 12. Be3 Qa5 13. Ng5 Bd7 14. f4 Nd3 15. Nf3
Nc7 16. g4 Ne6 17. f5 Nef4 18. Qd2 Nxg2 19. Kxg2 c5 20. d5 e5 21. Ne1 Nf4+ 22.
Bxf4 exf4 23. Qxf4 f6 24. Nf3 a6 25. Qd2 Rfe8 26. Nh4 gxf5 27. Nxf5 Bxf5 28.
Rxf5 Rad8 29. Qf2 b5 30. Qxc5 Rc8 31. Qd4 Qb4 32. Ra2 bxa4 33. Nxa4 Qe1 34. Nc3
Re5 35. Rf1 Qh4 36. Qf2 Qg5 37. Qf4 Rb8 38. Qxg5 fxg5 39. Re1 Rb6 40. Re2 Bf8
41. Ra1 Bd6 42. Rf1 Kg7 43. Rc1 Rb4 44. Nd1 Kf7 45. Kf3 Bc5 46. Rec2 Rb3+ 47.
Rc3 Bb4 48. Re3 c3 49. Rc2 Re7 50. Nxc3 Bc5 51. Rd3 Bd6 52. Ke2 a5 53. Rf3+ Kg7
54. Re3 Bf4 55. Rd3 Bd6 56. Rd4 Reb7 57. Ra4 Rxb2 58. Kd3 Rxc2 59. Kxc2 Bb4 60.
Na2 Be1 61. e5 Bg3 62. e6 Rb5 63. Nc3 Rc5 64. Kd3 Be1 65. Rc4 Rxc4 66. Kxc4 Kf6
67. Ne4+ Ke7 68. Nxg5 a4 69. Nxh7 a3 70. Kb3 Bb4 71. g5 1-0

[Event "Olimpiade 2022 - Open"]
[Site "Chennai"]
[Date "03.08.2022"]
[Round "6.11"]
[Board "2"]
[White "Brkic, Ante"]
[Black "Cruz, Cristhian"]
[Result "0-1"]
[WhiteTitle "GM"]
[BlackTitle "GM"]
[WhiteElo "2611"]
[BlackElo "2579"]
[WhiteTeam "Croatia"]
[BlackTeam "Peru"]
[WhiteFideId "14506688"]
[BlackFideId "3801969"]
[EventDate "2022.07.29"]

1. e4 c6 2. d4 d5 3. e5 c5 4. Nf3 Nc6 5. dxc5 e6 6. Be3 Nh6 7. Bxh6 gxh6 8. Bd3
f6 9. O-O fxe5 10. Bb5 Bg7 11. Bxc6+ bxc6 12. Nxe5 O-O 13. f4 Ba6 14. Rf3 Qb8
15. Qd4 Rxf4 16. Qxf4 Qxb2 17. Qg4 Qxe5 18. Nc3 Be2 19. Nxe2 Qxa1+ 20. Kf2 Qe5
21. c3 Rb8 22. Nf4 Rb2+ 23. Kg3 Rxa2 24. Qxe6+ Qxe6 25. Nxe6 Ra3 26. c4 Rxf3+
27. Kxf3 dxc4 28. Nd8 Bf8 29. Nxc6 Bxc5 30. Ke2 Kf8 31. Kd2 Kf7 32. Kc3 Ke6 33.
Kxc4 Bg1 34. h3 Kf5 35. Kd3 Kf4 36. Ke2 Kg3 37. Kf1 Bb6 38. Ne5 a5 39. Nc4 a4
40. Na3 h5 41. Nb5 h4 42. Nc3 a3 43. Ne2+ Kh2 44. Nc3 Ba5 45. Na2 Kg3 46. Nc1
Kf4 47. Ke2 Ke4 48. Na2 Kd4 0-1

[Event "Olimpiade 2022 - Open"]
[Site "Chennai"]
[Date "03.08.2022"]
[Round "6.11"]
[Board "3"]
[White "Escalante Ramirez, Brian Sebasti"]
[Black "Kozul, Zdenko"]
[Result "1/2-1/2"]
[WhiteTitle "IM"]
[BlackTitle "GM"]
[WhiteElo "2496"]
[BlackElo "2602"]
[WhiteTeam "Peru"]
[BlackTeam "Croatia"]
[WhiteFideId "3819566"]
[BlackFideId "14502879"]
[EventDate "2022.07.29"]

1. e4 c5 2. Nf3 d6 3. d4 cxd4 4. Qxd4 Nc6 5. Qd3 g6 6. Nc3 Bg7 7. Be2 Nf6 8. Nd5
Nd7 9. c3 Nc5 10. Qc2 Bg4 11. O-O Rc8 12. Bg5 h6 13. Bh4 g5 14. Bg3 h5 15. h3
Bxf3 16. Bxf3 h4 17. Bh2 Be5 18. b4 Nd7 19. Rad1 e6 20. Ne3 Qc7 21. Qd2 Bxh2+
22. Kxh2 Nce5 23. Ng4 Qxc3 24. Qxg5 Nxg4+ 25. hxg4 Qe5+ 26. Qxe5 Nxe5 27. Rxd6
Ke7 28. Rd2 Rc4 29. b5 h3 30. Be2 hxg2+ 31. Kxg2 Rxe4 32. f3 Ra4 33. Rc1 b6 34.
Kg3 Rd8 35. Rc7+ Rd7 36. Rdxd7+ Nxd7 37. f4 Kd8 38. Rb7 Ra3+ 39. Bf3 e5 40. Kf2
Rxa2+ 41. Ke1 exf4 42. Bd5 Ra1+ 43. Kf2 f6 44. Kf3 Ra4 45. Be6 Ne5+ 46. Kf2 Ra5
47. Rg7 Rxb5 48. Rxa7 Rb2+ 49. Kf1 b5 50. Rg7 f3 51. g5 fxg5 52. Rxg5 Nc4 53.
Bxc4 bxc4 54. Rc5 Rb4 55. Kf2 Kd7 56. Kxf3 Kd6 57. Rc8 Kd5 58. Ke3 Rb2 59. Rc7
Rh2 1/2-1/2

[Event "Olimpiade 2022 - Open"]
[Site "Chennai"]
[Date "03.08.2022"]
[Round "6.11"]
[Board "4"]
[White "Bosiocic, Marin"]
[Black "Terry, Renato"]
[Result "1-0"]
[WhiteTitle "GM"]
[BlackTitle "IM"]
[WhiteElo "2549"]
[BlackElo "2502"]
[WhiteTeam "Croatia"]
[BlackTeam "Peru"]
[WhiteFideId "14507927"]
[BlackFideId "3803457"]
[EventDate "2022.07.29"]

1. Nf3 d5 2. g3 Nf6 3. Bg2 c6 4. O-O Bg4 5. d3 Nbd7 6. h3 Bh5 7. c4 dxc4 8. dxc4
e5 9. Nc3 Be7 10. Nh4 Bg6 11. Nxg6 hxg6 12. Rb1 a5 13. a3 Nb6 14. b3 Qd7 15. Be3
Qxd1 16. Rfxd1 Nfd7 17. Ne4 Bxa3 18. c5 Nd5 19. Nd6+ Ke7 20. Bxd5 cxd5 21. Rxd5
Ke6 22. Rbd1 Nf6 23. R5d3 Rxh3 24. Bg5 e4 25. R3d2 Rah8 26. Bh4 R8xh4 27. gxh4
Bxc5 28. Nxb7 Bb4 29. Nd8+ Kf5 30. Rc2 e3 31. f3 Rxh4 32. Nxf7 Nh5 33. Nd6+ Ke6
34. Nc4 Nf4 35. Nxe3 Rh5 36. Ng4 Rb5 37. Rc6+ Ke7 38. Rc7+ Ke6 39. e3 Ne2+ 40.
Kf2 Nc3 41. Rd3 Nd5 42. Rxg7 Ne7 43. f4 Rh5 44. Ne5 Kf6 45. Rf7+ Ke6 46. Rf8 g5
47. Nf3 gxf4 48. Rxf4 Bc5 49. Rh4 Rf5 50. Ke2 Kf6 51. e4 1-0

[Event "Olimpiade 2022 - Open"]
[Site "Chennai"]
[Date "03.08.2022"]
[Round "6.12"]
[Board "1"]
[White "Jumabayev, Rinat"]
[Black "Navara, David"]
[Result "1/2-1/2"]
[WhiteTitle "GM"]
[BlackTitle "GM"]
[WhiteElo "2617"]
[BlackElo "2688"]
[WhiteTeam "Kazakhstan"]
[BlackTeam "Czech Republic"]
[WhiteFideId "13702661"]
[BlackFideId "309095"]
[EventDate "2022.07.29"]

1. Nf3 d5 2. g3 g6 3. Bg2 Bg7 4. d4 Nf6 5. c4 c6 6. O-O O-O 7. a4 a5 8. cxd5
Nxd5 9. Bg5 Bg4 10. h3 Bxf3 11. Bxf3 Nb4 12. e3 h6 13. Bf4 Nd7 14. h4 e5 15.
dxe5 Nxe5 16. Bxe5 Bxe5 17. Nc3 Qxd1 18. Rfxd1 Rfd8 19. Rac1 Nd3 20. Rc2 Bxc3
21. Rxc3 Ne5 22. Rxd8+ Rxd8 23. Be4 Rd2 24. f4 Nd7 25. Rc2 Rd1+ 26. Kf2 Nf6 27.
Bf3 Ra1 28. b3 Rb1 29. Rc3 Rb2+ 30. Ke1 h5 31. e4 Kf8 32. e5 Ng4 33. Be4 Ke7 34.
Bc2 Ne3 35. Be4 Nf5 36. Bxf5 gxf5 37. Rd3 f6 38. Re3 b6 39. exf6+ Kxf6 40. Kd1
c5 41. Kc1 Rg2 42. Kd1 Ra2 43. Re8 Rb2 44. Re3 Ra2 45. Re8 Rb2 1/2-1/2

[Event "Olimpiade 2022 - Open"]
[Site "Chennai"]
[Date "03.08.2022"]
[Round "6.12"]
[Board "2"]
[White "Nguyen, Thai Dai Van"]
[Black "Suleymenov, Alisher"]
[Result "1-0"]
[WhiteTitle "GM"]
[BlackTitle "IM"]
[WhiteElo "2629"]
[BlackElo "2467"]
[WhiteTeam "Czech Republic"]
[BlackTeam "Kazakhstan"]
[WhiteFideId "358878"]
[BlackFideId "13707833"]
[EventDate "2022.07.29"]

1. Nf3 d5 2. d4 Nf6 3. c4 dxc4 4. e3 e6 5. Bxc4 c5 6. O-O a6 7. b3 Nbd7 8. Bb2
Be7 9. Nbd2 O-O 10. dxc5 Bxc5 11. Bd3 Qe7 12. Qc2 Ba3 13. Bxa3 Qxa3 14. Nc4 Qe7
15. Rac1 b6 16. Nfe5 Nxe5 17. Nxe5 Bb7 18. Qc7 Qxc7 19. Rxc7 Rab8 20. Rfc1 Nd5
21. Rd7 Nf6 22. Rdc7 Nd5 23. Rd7 Nf6 24. Rd6 b5 25. f3 Rfc8 26. Rxc8+ Rxc8 27.
e4 Kf8 28. Rb6 Rc7 29. a4 Nd7 30. Nxd7+ Rxd7 31. Bf1 bxa4 32. bxa4 g5 33. a5 Kg7
34. Kf2 Bc8 35. Kg3 Rd2 36. Bxa6 Bxa6 37. Rxa6 Ra2 38. Ra8 h6 39. a6 Kf6 40. h4
Kg7 41. h5 Kh7 42. Ra7 Kg7 43. Kh3 Kg8 44. Kh2 Kg7 45. Kg1 Kf6 46. Kh2 Kg7 47.
Kg3 Kf8 48. f4 Ra5 49. e5 Ra3+ 50. Kg4 Ra4 51. g3 Kg8 52. Kf3 Ra3+ 53. Kg4 Ra4
54. Kh3 Ra5 55. fxg5 hxg5 56. Ra8+ Kg7 57. a7 Ra4 58. g4 Kh7 59. Kg3 Ra3+ 60.
Kf2 Ra5 61. Kf3 Ra4 62. Ke3 Kg7 63. Kd3 Kh7 64. Kc3 Kg7 65. Kb3 Ra1 66. Kb4 Rb1+
67. Kc5 Ra1 68. Kd6 Kh7 69. Ke7 Kg7 70. h6+ Kh7 71. Kxf7 Ra6 72. Kf6 1-0

[Event "Olimpiade 2022 - Open"]
[Site "Chennai"]
[Date "03.08.2022"]
[Round "6.12"]
[Board "3"]
[White "Urazayev, Arystanbek"]
[Black "Hracek, Zbynek"]
[Result "1-0"]
[WhiteTitle "IM"]
[BlackTitle "GM"]
[WhiteElo "2430"]
[BlackElo "2555"]
[WhiteTeam "Kazakhstan"]
[BlackTeam "Czech Republic"]
[WhiteFideId "13709810"]
[BlackFideId "300071"]
[EventDate "2022.07.29"]

1. e4 c5 2. Nf3 Nc6 3. Bb5 e6 4. O-O Nge7 5. Re1 Nd4 6. Nxd4 cxd4 7. c3 a6 8.
Bf1 Nc6 9. b4 dxc3 10. dxc3 Qc7 11. a4 b6 12. Na3 Be7 13. Nc4 O-O 14. Qf3 d6 15.
Qg3 Ne5 16. Nxe5 dxe5 17. Bh6 Bf6 18. a5 b5 19. c4 bxc4 20. Rac1 Bd7 21. Rxc4
Qb7 22. Re3 Kh8 23. Rf3 Rg8 24. Bg5 Bxg5 25. Qxg5 f6 26. Qc1 Bb5 27. Rc7 Qxe4
28. Bxb5 axb5 29. Rb3 Rgd8 30. Rb1 h5 31. h3 Kh7 32. Ra1 Qxb4 33. a6 Rd2 34. Rc2
Rd7 35. Rc6 Qb3 36. Rc7 Rxc7 37. Qxc7 Qc4 38. Qb7 Qd5 39. Qf7 h4 40. Rc1 Qd3 41.
Qh5+ Kg8 42. Rc7 Qh7 43. Qf7+ Kh8 44. Qxe6 Qg8 45. Qg4 1-0

[Event "Olimpiade 2022 - Open"]
[Site "Chennai"]
[Date "03.08.2022"]
[Round "6.12"]
[Board "4"]
[White "Zwardon, Vojtech"]
[Black "Nogerbek, Kazybek"]
[Result "0-1"]
[WhiteTitle "IM"]
[BlackTitle "FM"]
[WhiteElo "2503"]
[BlackElo "2437"]
[WhiteTeam "Czech Republic"]
[BlackTeam "Kazakhstan"]
[WhiteFideId "325511"]
[BlackFideId "13710427"]
[EventDate "2022.07.29"]

1. c4 Nf6 2. Nc3 e5 3. Nf3 Nc6 4. e3 Bb4 5. Qc2 Bxc3 6. Qxc3 Qe7 7. a3 O-O 8. b4
d5 9. cxd5 Nxd5 10. Qc5 Qxc5 11. bxc5 e4 12. Ng5 Bf5 13. Bb2 f6 14. Nh3 b6 15.
Rc1 Na5 16. cxb6 cxb6 17. Ba6 Bc8 18. Be2 Be6 19. d3 exd3 20. Bxd3 Rac8 21. O-O
Rfd8 22. Ba6 Rxc1 23. Rxc1 Ne7 24. Nf4 Bc4 25. Bxc4+ Nxc4 26. Bd4 Nxa3 27. Rc7
Rc8 28. Nd5 Rxc7 29. Nxc7 Nc6 30. Bb2 Nc4 31. Bc3 Nd6 32. Kf1 a5 33. Ke2 b5 34.
Kd3 b4 35. Be1 a4 36. Na6 b3 37. Nc5 Ne5+ 38. Kd2 Ndc4+ 39. Kc1 b2+ 40. Kb1 a3
41. h3 Kf7 42. Bb4 Ng6 43. Ne4 Nge5 44. f4 Nd3 45. Nd6+ Nxd6 46. Bxd6 Ke6 47.
Bxa3 Kd5 48. Bf8 g6 49. Bg7 f5 50. Bc3 Kc4 51. Bf6 h5 52. Ka2 Ne1 53. Kxb2 Nxg2
54. Kc2 Nxe3+ 55. Kd2 Ng2 56. Ke2 Nxf4+ 57. Kf3 Nd5 58. Bg5 Kd4 59. h4 Ke5 60.
Bd8 Kd6 61. Ba5 Nc7 62. Be1 Ne6 63. Bc3 Ke7 64. Bd2 Kf7 65. Bc3 g5 66. hxg5 Kg6
67. Bb4 f4 68. Be7 Kf5 69. g6 Nd4+ 70. Kg2 Kxg6 71. Kh3 Nf3 72. Bd6 Ng5+ 73. Kg2
Kf5 74. Be7 Kg4 75. Bc5 Ne4 76. Bb6 Nd6 77. Ba7 Nf5 78. Bb8 Ne3+ 79. Kh2 Kf3 80.
Kg1 Kg3 81. Bc7 h4 82. Ba5 h3 83. Be1+ Kf3 84. Kh2 Ke2 85. Bh4 Nf5 86. Bd8 f3
87. Bb6 Ne3 0-1

[Event "Olimpiade 2022 - Open"]
[Site "Chennai"]
[Date "03.08.2022"]
[Round "6.13"]
[Board "1"]
[White "Paragua, Mark"]
[Black "Boruchovsky, Avital"]
[Result "1/2-1/2"]
[WhiteTitle "GM"]
[BlackTitle "GM"]
[WhiteElo "2461"]
[BlackElo "2551"]
[WhiteTeam "Philippines"]
[BlackTeam "Israel"]
[WhiteFideId "5201241"]
[BlackFideId "2800055"]
[EventDate "2022.07.29"]

1. e4 e5 2. Nf3 Nc6 3. Nc3 Nf6 4. d4 exd4 5. Nxd4 Bb4 6. Nxc6 bxc6 7. Bd3 d5 8.
Bd2 O-O 9. O-O Re8 10. Nxd5 Nxd5 11. exd5 Bxd2 12. Qxd2 cxd5 13. Bb5 Re6 14.
Rad1 Bb7 15. Qd4 Qe7 16. b4 Re4 17. Qc5 Qxc5 18. bxc5 c6 19. f3 Rb4 20. Bd3 Ra4
21. Rb1 Bc8 22. Rb2 g6 23. Rfb1 Kg7 24. Kf2 Ra5 25. Rb8 Rxb8 26. Rxb8 Be6 27.
Rb7 d4 28. Rb4 Bxa2 29. Rxd4 Bd5 30. Ke3 Be6 31. g4 Kf6 32. Be4 g5 33. Bxc6 Rxc5
34. Be4 Rc3+ 35. Bd3 Ra3 36. Rd8 a5 37. Kd4 a4 38. Ra8 Ra1 39. Bc4 Rd1+ 40. Bd3
Ra1 41. Bc4 Bxc4 42. Kxc4 Rf1 43. Ra6+ Kg7 44. Rxa4 Rxf3 45. Kd5 h5 46. gxh5
Rf5+ 47. Kd6 Rf2 48. c4 Kf6 49. c5 Rd2+ 50. Kc7 Rxh2 51. c6 Rxh5 52. Kd6 Kf5 53.
Ra8 Rh6+ 54. Kd7 Rh1 55. c7 Rc1 56. c8=Q Rxc8 57. Rxc8 g4 58. Ke7 g3 59. Kxf7
Kf4 1/2-1/2

[Event "Olimpiade 2022 - Open"]
[Site "Chennai"]
[Date "03.08.2022"]
[Round "6.13"]
[Board "2"]
[White "Nabaty, Tamir"]
[Black "Barcenilla, Rogelio"]
[Result "0-1"]
[WhiteTitle "GM"]
[BlackTitle "GM"]
[WhiteElo "2631"]
[BlackElo "2463"]
[WhiteTeam "Israel"]
[BlackTeam "Philippines"]
[WhiteFideId "2809052"]
[BlackFideId "5200059"]
[EventDate "2022.07.29"]

1. d4 Nf6 2. c4 g6 3. g3 Bg7 4. Bg2 d6 5. Nf3 O-O 6. Nc3 Nc6 7. O-O a6 8. b3 Rb8
9. d5 Na5 10. Bg5 c5 11. dxc6 Nxc6 12. Rc1 Bf5 13. Nd5 Ne4 14. Be3 Nf6 15. Nh4
Be6 16. Qd2 Ng4 17. Bb6 Qc8 18. Nf3 Qd7 19. Nf4 Bh6 20. e3 Nf6 21. Nxe6 Qxe6 22.
Nd4 Qd7 23. Nxc6 bxc6 24. Qa5 Qb7 25. Bd4 Bg7 26. Rb1 Rfc8 27. b4 Qc7 28. Qxc7
Rxc7 29. a4 Nd7 30. a5 Kf8 31. f4 Bxd4 32. exd4 e6 33. Rfc1 Ke7 34. Kf2 Nf6 35.
Bf1 Ra7 36. Kf3 Ne8 37. d5 cxd5 38. cxd5 Nc7 39. Rxc7+ Rxc7 40. Bxa6 Rc3+ 41.
Ke2 Ra3 42. Bd3 Ra4 43. dxe6 fxe6 44. a6 Rbxb4 45. Rc1 Rb2+ 46. Ke3 Ra3 47. Rc7+
Kf6 48. g4 g5 49. fxg5+ Ke5 50. Rc1 Rbb3 51. Rd1 Rxa6 52. Re1 Ra2 53. h4 Rh2 54.
h5 d5 55. g6 hxg6 56. hxg6 Kf6 57. Rf1+ Kg7 58. Rf7+ Kg8 59. Rd7 Rh3+ 60. Kf4
Rhxd3 61. Kg5 Rb8 62. Re7 Re3 63. Kh6 Rh3+ 64. Kg5 Rd8 0-1

[Event "Olimpiade 2022 - Open"]
[Site "Chennai"]
[Date "03.08.2022"]
[Round "6.13"]
[Board "3"]
[White "Laylo, Darwin"]
[Black "Smirin, Ilia"]
[Result "1/2-1/2"]
[WhiteTitle "GM"]
[BlackTitle "GM"]
[WhiteElo "2432"]
[BlackElo "2601"]
[WhiteTeam "Philippines"]
[BlackTeam "Israel"]
[WhiteFideId "5201330"]
[BlackFideId "2801990"]
[EventDate "2022.07.29"]

1. d4 d6 2. c4 e5 3. Nf3 e4 4. Ng5 f5 5. Nc3 Be7 6. Nh3 Nf6 7. g3 c6 8. d5 Nbd7
9. Bg2 Nb6 10. Qb3 Nfd7 11. O-O Ne5 12. f3 Nbxc4 13. fxe4 O-O 14. Bf4 Kh8 15.
exf5 Bxf5 16. Qxb7 Na5 17. Qb4 Rb8 18. Qa4 Rxb2 19. dxc6 Bc2 20. Qd4 Naxc6 21.
Qd2 Bf6 22. Nd5 Bf5 23. Qd1 Nd4 24. Nxf6 Nxe2+ 25. Kh1 Bxh3 26. Bxh3 Rxf6 27.
Bg2 Nxf4 28. Rxf4 Re6 29. Qd5 Re8 30. Rd1 Rb6 31. a4 g6 32. Qd4 a5 33. Qc3 Rb8 1/2-1/2

[Event "Olimpiade 2022 - Open"]
[Site "Chennai"]
[Date "03.08.2022"]
[Round "6.13"]
[Board "4"]
[White "Postny, Evgeny"]
[Black "Bersamina, Paulo"]
[Result "1-0"]
[WhiteTitle "GM"]
[BlackTitle "IM"]
[WhiteElo "2564"]
[BlackElo "2429"]
[WhiteTeam "Israel"]
[BlackTeam "Philippines"]
[WhiteFideId "2804344"]
[BlackFideId "5206995"]
[EventDate "2022.07.29"]

1. d4 Nf6 2. c4 c5 3. d5 e6 4. Nc3 exd5 5. cxd5 d6 6. Nf3 g6 7. Bf4 Bg7 8. e3
O-O 9. h3 Na6 10. Bxa6 bxa6 11. Rc1 Nh5 12. Bh2 f5 13. O-O f4 14. exf4 Nxf4 15.
Re1 Rb8 16. b3 Rb4 17. Ne4 h6 18. Rc4 a5 19. a3 Rxc4 20. bxc4 g5 21. Nfd2 Bd4
22. Bxf4 Rxf4 23. Qh5 Kg7 24. Nf3 Bf5 25. Nexg5 hxg5 26. Re8 Qf6 27. Qh8+ Kg6
28. Rg8+ Kf7 29. Rf8+ Ke7 30. Rxf6 Bxf6 31. Qb8 Rxc4 32. Qxa7+ Bd7 33. Qxa5 Rc1+
34. Kh2 c4 35. Qd2 Rc3 36. Nxg5 Rd3 37. Qe1+ Kf8 38. Nh7+ Kg7 39. Nxf6 Kxf6 40.
Qe4 Bb5 41. a4 1-0

[Event "Olimpiade 2022 - Open"]
[Site "Chennai"]
[Date "03.08.2022"]
[Round "6.14"]
[Board "2"]
[White "Tari, Aryan"]
[Black "Kuybokarov, Temur"]
[Result "0-1"]
[WhiteTitle "GM"]
[BlackTitle "GM"]
[WhiteElo "2672"]
[BlackElo "2583"]
[WhiteTeam "Norway"]
[BlackTeam "Australia"]
[WhiteFideId "1510045"]
[BlackFideId "14203049"]
[EventDate "2022.07.29"]

1. Nf3 d5 2. d4 Nf6 3. c4 dxc4 4. e3 e6 5. Bxc4 c5 6. O-O Nc6 7. Nc3 a6 8. d5
Nxd5 9. Nxd5 Na5 10. b3 Nxc4 11. bxc4 exd5 12. cxd5 Bd6 13. e4 f6 14. a4 O-O 15.
h3 b6 16. Bb2 Bd7 17. Re1 Qc7 18. e5 fxe5 19. Nxe5 Rae8 20. Qb3 b5 21. axb5 axb5
22. Nxd7 Rxe1+ 23. Rxe1 Qxd7 24. Re6 c4 25. Qe3 b4 26. Be5 Bxe5 27. Qxe5 Qf7 28.
Qd4 b3 29. Qxc4 b2 30. Qb4 Qxf2+ 31. Kh2 h5 32. Rb6 h4 33. Qd6 Re8 34. Rb4 Re2
35. Qd8+ Qf8 36. Qb6 Qf6 37. Qb8+ Kh7 38. Rg4 Re1 39. Rb4 Qf2 0-1

[Event "Olimpiade 2022 - Open"]
[Site "Chennai"]
[Date "03.08.2022"]
[Round "6.14"]
[Board "3"]
[White "Cheng, Bobby"]
[Black "Hammer, Jon Ludvig"]
[Result "1-0"]
[WhiteTitle "GM"]
[BlackTitle "GM"]
[WhiteElo "2540"]
[BlackElo "2638"]
[WhiteTeam "Australia"]
[BlackTeam "Norway"]
[WhiteFideId "4300033"]
[BlackFideId "1503707"]
[EventDate "2022.07.29"]

1. d4 Nf6 2. c4 e6 3. Nf3 d5 4. g3 Bb4+ 5. Bd2 Be7 6. Bg2 O-O 7. O-O c6 8. Qc2
Nbd7 9. Nc3 dxc4 10. a4 a5 11. e4 h6 12. h3 b6 13. Rfe1 Bb7 14. Rad1 Re8 15. Bf4
Bb4 16. g4 Qe7 17. g5 Nh5 18. Be3 hxg5 19. Bxg5 f6 20. Be3 e5 21. Kh1 Qf7 22.
Rg1 Kh8 23. Qe2 exd4 24. Nxd4 Ne5 25. Nf5 g6 26. Nd6 Bxd6 27. Rxd6 Qc7 28. Rd2
Re7 29. Rgd1 Rg8 30. Bd4 Rh7 31. Bxe5 fxe5 32. Qxc4 Nf4 33. Ne2 Nxg2 34. Kxg2
Bc8 35. Ng1 Qe7 36. Rd3 g5 37. Rg3 g4 38. Kf1 Rf8 1-0

[Event "Olimpiade 2022 - Open"]
[Site "Chennai"]
[Date "03.08.2022"]
[Round "6.14"]
[Board "4"]
[White "Christiansen, Johan-Sebastian"]
[Black "Tan, Justin2"]
[Result "1/2-1/2"]
[WhiteTitle "GM"]
[BlackTitle "GM"]
[WhiteElo "2593"]
[BlackElo "2508"]
[WhiteTeam "Norway"]
[BlackTeam "Australia"]
[WhiteFideId "1512668"]
[BlackFideId "3206882"]
[EventDate "2022.07.29"]

1. e4 e5 2. Nf3 Nf6 3. Nxe5 d6 4. Nf3 Nxe4 5. Bd3 Nf6 6. O-O Be7 7. Re1 O-O 8.
Bf1 Re8 9. d4 c6 10. c4 d5 11. Nc3 Be6 12. Qb3 dxc4 13. Qxb7 Qb6 14. Qxa8 Nbd7
15. Qxe8+ Nxe8 16. Bxc4 Bxc4 17. Rxe7 Qd8 18. Re1 h6 19. d5 Bxd5 20. Nxd5 cxd5
21. Be3 a6 22. Red1 Ndf6 23. Bd4 Nd6 24. Bxf6 Qxf6 25. Rxd5 Qxb2 26. Re1 Qa3 27.
h4 g6 28. h5 gxh5 29. Rxh5 Qxa2 30. Rxh6 Qa3 31. Rd1 Ne4 32. Rh4 Nf6 33. Rf4 Qc3
34. Rdd4 Kg7 35. Kh2 Qc7 36. g3 Nh5 37. Rf5 Qc2 38. Rg4+ Kf8 39. Nd4 Qd2 40. Re4
Ng7 41. Rf3 a5 42. Ref4 Kg8 43. Nc6 f5 44. Ne7+ Kf8 45. Nxf5 Ne6 46. Rg4 Ng5 47.
Rff4 Ne6 48. Rf3 Ng5 49. Rff4 Ne6 1/2-1/2

[Event "Olimpiade 2022 - Open"]
[Site "Chennai"]
[Date "03.08.2022"]
[Round "6.15"]
[Board "1"]
[White "Gazik, Viktor"]
[Black "Mamedyarov, Shakhriyar"]
[Result "0-1"]
[WhiteTitle "IM"]
[BlackTitle "GM"]
[WhiteElo "2544"]
[BlackElo "2759"]
[WhiteTeam "Slovakia"]
[BlackTeam "Azerbaijan"]
[WhiteFideId "14928752"]
[BlackFideId "13401319"]
[EventDate "2022.07.29"]

1. e4 e5 2. Nf3 Nc6 3. d4 exd4 4. Nxd4 Nf6 5. Nxc6 bxc6 6. Bd3 d5 7. exd5 cxd5
8. O-O Be7 9. c4 O-O 10. Nc3 Bb7 11. Qb3 Rb8 12. cxd5 Bxd5 13. Qc2 Ba8 14. Be3
Bd6 15. f3 a5 16. Rad1 h6 17. Rfe1 Re8 18. Bc4 Nd7 19. Qf5 Ne5 20. Bb3 Qd7 21.
Qxd7 Nxd7 22. Ba7 Rxe1+ 23. Rxe1 Rc8 24. Nb5 Bf8 25. Bf2 c6 26. Nd4 Nc5 27. Bc4
Na4 28. b3 Nc3 29. Nf5 Nd5 30. Bd4 Kh7 31. Kf2 Bb7 32. h4 Rd8 33. Bxd5 Rxd5 34.
Re8 Bb4 35. g4 c5 36. Be3 Rd1 37. Re7 Bd5 38. Bf4 c4 39. Rc7 cxb3 40. axb3 Rd3
41. Be5 Rxf3+ 42. Ke2 Rxb3 43. Nxg7 Rb1 44. Bf6 Re1+ 45. Kf2 Re4 46. g5 Be1+ 0-1

[Event "Olimpiade 2022 - Open"]
[Site "Chennai"]
[Date "03.08.2022"]
[Round "6.15"]
[Board "2"]
[White "Guseinov, Gadir"]
[Black "Druska, Juraj"]
[Result "1-0"]
[WhiteTitle "GM"]
[BlackTitle "IM"]
[WhiteElo "2668"]
[BlackElo "2519"]
[WhiteTeam "Azerbaijan"]
[BlackTeam "Slovakia"]
[WhiteFideId "13401378"]
[BlackFideId "14915650"]
[EventDate "2022.07.29"]

1. e4 e6 2. d4 d5 3. e5 c5 4. c3 Nc6 5. Nf3 Qb6 6. Be2 cxd4 7. cxd4 Nh6 8. Bxh6
Qxb2 9. Nc3 Qxc3+ 10. Bd2 Qa3 11. Rb1 Qxa2 12. O-O a6 13. Bd3 Qa3 14. Qc2 Qe7
15. Ng5 g6 16. h4 Bg7 17. Nf3 O-O 18. h5 a5 19. Rfc1 f6 20. h6 Bh8 21. Bxg6 fxe5
22. Ng5 Bf6 23. Nxh7 e4 24. Nxf8 Qxf8 25. Be3 Kh8 26. Qd1 e5 27. dxe5 Nxe5 28.
Qxd5 Nxg6 29. Qxe4 Ne7 30. Rb5 Ra6 31. Rbc5 Rc6 32. Rd1 Re6 33. Qf3 b6 34. Rc7
Re5 35. Rd6 Ng8 36. h7 Qxd6 37. hxg8=Q+ Kxg8 38. Rxc8+ Kf7 39. Rc6 Qd8 40. Rxb6
a4 41. Ra6 Ra5 42. Bb6 1-0

[Event "Olimpiade 2022 - Open"]
[Site "Chennai"]
[Date "03.08.2022"]
[Round "6.15"]
[Board "3"]
[White "Repka, Christopher"]
[Black "Durarbayli, Vasif"]
[Result "1-0"]
[WhiteTitle "GM"]
[BlackTitle "GM"]
[WhiteElo "2516"]
[BlackElo "2638"]
[WhiteTeam "Slovakia"]
[BlackTeam "Azerbaijan"]
[WhiteFideId "14918781"]
[BlackFideId "13402935"]
[EventDate "2022.07.29"]

1. d4 d5 2. c4 c6 3. Nf3 Nf6 4. Nc3 e6 5. Qc2 dxc4 6. a4 c5 7. dxc5 Na6 8. e4
Nb4 9. Qb1 Bxc5 10. Bxc4 Bd7 11. O-O Bc6 12. e5 Nfd5 13. Ne4 Be7 14. Bg5 O-O 15.
Ra3 Rc8 16. Bxe7 Nxe7 17. Nd6 Rc7 18. Ng5 Ng6 19. Nxe6 fxe6 20. Bxe6+ Rff7 21.
Nxf7 Rxf7 22. Qf5 Qc7 23. Rd1 Nf8 24. Qxf7+ Qxf7 25. Bxf7+ Kxf7 26. a5 Ne6 27.
Rd6 a6 28. Rc3 Nf4 29. Rc4 Nbd3 30. Rcxc6 bxc6 31. Rxc6 Nxb2 32. Rxa6 Nc4 33.
Ra7+ Kg6 34. a6 Nxe5 35. Rb7 1-0

[Event "Olimpiade 2022 - Open"]
[Site "Chennai"]
[Date "03.08.2022"]
[Round "6.15"]
[Board "4"]
[White "Abasov, Nijat"]
[Black "Ftacnik, Lubomir"]
[Result "1-0"]
[WhiteTitle "GM"]
[BlackTitle "GM"]
[WhiteElo "2633"]
[BlackElo "2483"]
[WhiteTeam "Azerbaijan"]
[BlackTeam "Slovakia"]
[WhiteFideId "13402960"]
[BlackFideId "14900017"]
[EventDate "2022.07.29"]

1. d4 Nf6 2. c4 g6 3. Nc3 d5 4. Nf3 Bg7 5. Qb3 dxc4 6. Qxc4 Be6 7. Qb5+ Bd7 8.
Qd3 c5 9. d5 O-O 10. e4 e6 11. d6 Nc6 12. Be2 b5 13. O-O b4 14. Nb1 Ng4 15. Nbd2
Nge5 16. Nxe5 Nxe5 17. Qg3 Nc6 18. Nc4 Nd4 19. Bd3 Bb5 20. e5 Nf5 21. Qf4 f6 22.
Bxf5 gxf5 23. Re1 Rc8 24. b3 fxe5 25. Nxe5 Qxd6 26. Qg3 Qc7 27. Bg5 Bc6 28. Bf4
Qb7 29. Nc4 Qd7 30. Ne5 Qb7 31. Nxc6 Rxc6 32. Rad1 Qf7 33. h3 Re8 34. Be5 Rcc8
35. Rd6 Rcd8 36. Red1 Rxd6 37. Rxd6 Qg6 38. Qe3 Qh6 39. Qxc5 Bxe5 40. Qxe5 Qc1+
41. Kh2 Qc3 42. Qb5 Re7 43. Rd3 Qe1 44. Qb8+ Kf7 45. Rg3 e5 46. Qg8+ Kf6 47.
Qg5+ Ke6 48. Qh6+ Kd7 49. Rd3+ Ke8 50. Qh5+ Rf7 51. Qg5 1-0